00342nam a2200121Ia 4500008004100000040001700041041001200058082001900070100002600089245004100115260004600156300001800202230917s9999||||xx |||||||||||||| ||und|| e188766aMAIN aEnglish a362.1068 R765H aRout, Himanshi Sekhar 0aHealth care systems: A global survey aNew DelhibNew Century Publicationsc2011 axxiii, 619 p.